Michael Fassbender Movies - Statistics

General Stats
  • This quiz has been taken 304 times
    39 since last reset
  • The average score is 10 of 32
Answer Stats
Hint Answer % Correct
2011 X-Men: First Class
86%
2014 X-Men: Days Of Future Past
83%
2016 X-Men: Apocalypse
78%
2019 X-Men: Dark Phoenix
61%
2016 Assassin's Creed
58%
2011 Shame
58%
2013 12 Years A Slave
53%
2009 Inglorious Basterds
50%
2015 Steve Jobs
50%
2012 Prometheus
42%
2007 300
39%
2008 Hunger
39%
2017 The Snowman
33%
2017 Alien: Covenant
31%
2010 Centurion
22%
2014 Frank
22%
2015 Macbeth
22%
2008 Eden Lake
19%
2013 The Counselor
19%
2009 Fish Tank
17%
2011 Jane Eyre
14%
2016 The Light Between Oceans
14%
2011 A Dangerous Method
11%
2010 Jonah Hex
8%
2017 Song to Song
8%
2007 Angel
6%
TBA Next Goal Wins
6%
2009 Blood Creek
3%
2012 Haywire
3%
TBA Kung Fury 2
3%
2015 Slow West
3%
2016 Trespass Against Us
0%
No matching quizzes found
Score Distribution
Percent of People with Each Score
Percentile by Number Answered
Your Score History
You have not taken this quiz since the last reset